Odgadnij Państwo po Trzech Miastach #3 - Statystyki

Ogólne statystyki
  • Ten quiz został rozwiązany 88 razy
  • Średni wynik to 7 z 15
Statystyki odpowiedzi
Miasta Państwo % Poprawnych
Kraków, Zabrze, Gliwice Polska
100%
Fudżajra, Dubaj, Al Ain Zjednoczone Emiraty Arabskie
80%
Odense, Aarhus, Aalborg Dania
76%
Galway, Limerick, Sligo Irlandia
63%
Mosul, Basra, Irbil Irak
51%
Fez, Agadir, Tanger Maroko
50%
Isfahan, Sziraz, Tebriz Iran
46%
Koper, Celje, Maribor Słowenia
46%
Cusco, Iquitos, Chimbote Peru
45%
Dar es Salaam, Sansibar, Paje Tanzania
29%
Rangun, Mandalaj, Pegu Mjanma
26%
Guayaquil, Cuenca, Duran Ekwador
24%
Santa Clara, Bayamo, Trinidad Kuba
13%
Agona, Ho, Yeji Ghana
4%
Matam, Dahra, Gollere Senegal
4%
Nie znaleziono quizów pasujących do podanych kryteriów
Rozkład punktacji
Procent ludzi z każdym wynikiem
Percentyl według liczby udzielonych odpowiedzi
Twoja historia wyników
Nie rozwiązałeś tego quizu